000 00881nas a2200277 4500
001 BR0905907
003 BR-BrBNA
005 20231205113758.0
007 ta
008 230509b bl.|||p| |||| 00| 00por d
040 _aBR-BrBNA
_bpor
_cBiblioteca Nacional de Agricultura
041 _a(Pt)
072 _aJ11
100 1 _aDrehmer, A.M.F.
100 1 _aAmarante, C.V.T. do
245 1 _aConservação pós-colheita de frutos de araçá-vermelho em funçaõ do estádio de maturação e temperatura de armazenamento
650 _aARAÇÁ
650 _aFRUTA TROPICAL
650 _aPÓS-COLHEITA
650 _aMATURAÇÃO
650 _aARMAZENAMENTO
650 _aTEMPERATURA
773 0 _tRevista Brasileira de Fruticultura (Brazil)
_xISSN 0100 2945
_g(Jun 2008), v. 30(2) p. 322-326
_wBR0905907
909 _a202311
_bLúcia
_c55
_dLúcia Elande
942 _2AGRIS
_n0
_cANA
999 _c205566
_d205566